000 01279cam a2200205 4500
001 ##L127327
008 040913n2004 000 0 eng u
020 _a1859461417
035 _a(Sirsi) u127327
041 0 _aeng
050 0 4 _a711.52 $2 18
110 2 _aUnited Kingdom
_bOffice of the Deputy Prime Minister
245 0 0 _aLiving places
_bcaring for quality
260 _aLondon
_bRIBA
_c2004
300 _a195p
_bill, tables, graphs
_c30cm
350 _a35
520 _aDrawing on extensive research evidence, this report illustrates how local authorities and other stakeholders are moving towards a new, more holistic approach to public space management, and thus helping in the delivery of more sustainable communities. Part 1 examines what is meant by external public space, why it is important, and what is wrong (and right) about current practice. Part 2 offers information, advice and recommendations for more innovative approaches to the management of such public space, drawing on a wide variety of case studies. Part 3 provides local authorities and others with a framework for questioning current practice and help them move towards more integrated and effective public space management in future.
690 _aPlanning and development
_96259
942 _n0
999 _c103736
_d103736